Meilleurs buteurs de l'équipe de France - Statistiques

Statistiques générales
  • Ce quiz a été pris 158 fois
  • Le résultat moyen est 11 sur 21
Statistiques - réponses
Nombre de buts Nom du joueur % Correct
57 Giroud
99%
51 Henry
97%
55 Mbappé
96%
44 Griezmann
94%
31 Zidane
89%
41 Platini
86%
37 Benzema
83%
34 Trezeguet
71%
30 Fontaine
67%
30 Papin
54%
16 Ribéry
54%
18 Kopa
44%
28 Djorkaeff
36%
16 Blanc
34%
20 Cantona
34%
26 Wiltord
33%
22 Vincent
7%
18 Piantoni
5%
19 Baratte
4%
21 Nicolas
4%
20 Nicolas
4%
Aucun quiz correspondant
Distribution des résultats
% des personnes avec chaque résultat
Percentile par nombre de réponses
Votre historique - résultats
Vous n’avez pas pris ce quiz